| 000 | 00687nam a2200193 a 4500 | ||
|---|---|---|---|
| 001 | 000030533 | ||
| 005 | 20250307073710.0 | ||
| 008 | 110523s1935 dr 000 | spa d | ||
| 040 |
_aDO-SdBNP _bspa _cBNPHU |
||
| 082 |
_axxxx _bT266p |
||
| 100 | 1 |
_aTejera, Emiliano, _d1841-1923 _924003 |
|
| 245 | 1 | 0 |
_aPalabras indígenas de la isla de Santo Domingo / _cEmiliano Tejera, Emilio Tejera ; prólogo Pedro Henríquez Ureña. |
| 260 |
_aSanto Domingo : _bEditorial la Nación, _c1935. |
||
| 300 |
_a516 p. ; _c22 cm. |
||
| 504 | _aIncluye referencias bibliográficas. | ||
| 700 | 1 | 2 |
_aTejera, Emilio _924005 |
| 700 | 1 | 2 |
_aHenríquez Ureña, Pedro, _d1884-1946 _epról. _91718 |
| 049 | _aBNPD | ||
| 999 |
_c30025 _d30025 |
||